George Carlin Filmography - Statistics

General Stats
  • This quiz has been taken 11 times
    4 since last reset
  • The average score is 8 of 105
Answer Stats
Type Year Name % Correct
TV Show 1975, 1984 Saturday Night Live
100%
TV Show 1994-1995 The George Carlin Show
100%
TV Show 1998 The Simpsons
100%
Stand-Up Special 2001 Complaints and Grievances
50%
Film 1999 Dogma
50%
Film 2001 Jay and Silent Bob Strike Back
50%
Film 2003 Scary Movie 3
50%
TV Show 1991-1993 Shining Time Station
50%
TV Film 1995 Shining Time Station: Once Upon a Time
50%
TV Show 1969, 1978 The Carol Burnett Show
50%
TV Show 1967-1971 The Ed Sullivan Show
50%
TV Show 1965 The Merv Griffin Show
50%
TV Show 1965-1978 The Mike Douglas Show
50%
Commercial 1998-1999 10-10-321 Long-Distance Phone Service
0%
Film 1999 10 Years of Thomas & Friends
0%
TV Special 2008 11th Annual the Kennedy Center Mark Twain Prize for American Humor: George Carlin
0%
TV Special 1995 20 Years of Comedy on HBO
0%
TV Show 1976, 1977 American Bandstand
0%
Film 1979 Americathon
0%
TV Show 1967 Away We Go
0%
Stand-Up Special 1996 Back in Town
0%
Film 2020 Bill & Ted Face the Music
0%
Film 1991 Bill & Ted's Bogus Journey
0%
Film 1989 Bill & Ted's Excellent Adventure
0%
TV Show 1990 Bill & Ted's Excellent Adventures
0%
Stand-Up Special 1982 Carlin at Carnegie
0%
Stand-Up Special 1984 Carlin on Campus
0%
Film | Video Game 2006 Cars
0%
Film 1976 Car Wash
0%
Commercial 1999 Dodge Neon
0%
Stand-Up Special 1990 Doin' It Again
0%
Short Film 1985 Drawing on My Mind
0%
TV Show 1981 Fridays
0%
TV Special 2008 From Class Clown to Social Critic: An Evening with George Carlin
0%
Commercial 1987 Fuji Videotape
0%
Stand-Up Special 1997 George Carlin: 40 Years of Comedy
0%
Stand-Up Special 1978 George Carlin: Again!
0%
Documentary Mini-Series 2022 George Carlin's American Dream
0%
Film 2006 Happily N'Ever After
0%
Short Film 2010 Heavy Metal Mater
0%
TV Show 2004 Inside the Actors Studio
0%
Stand-Up Special 2008 It's Bad for Ya
0%
Stand-Up Special 1992 Jammin' in New York
0%
Film 2004 Jersey Girl
0%
TV Film 1988 Justin Case
0%
TV Show 1984 Laugh Factory
0%
Stand-Up Special 2005 Life Is Worth Losing
0%
TV Show 2000 MADtv
0%
Documentary Series 2009 Make 'Em Laugh: The Funny Business of America
0%
Short Film 2010 Monster Truck Mater
0%
TV Show 1996 Mr. Conductor's Thomas Tales
0%
TV Show 1970 NET Playhouse
0%
Stand-Up Special 1978 On Location: George Carlin at Phoenix
0%
Stand-Up Special 1977 On Location: George Carlin at USC
0%
TV Show 1968 Operation: Entertainment
0%
Film 1987 Outrageous Fortune
0%
TV Show 1967 Perry Como's Kraft Music Hall
0%
Stand-Up Special 1986 Playin' with Your Head
0%
TV Show 1975, 1976 Rock Concert
0%
TV Film 1995 Shining Time Station: One of the Family
0%
TV Film 1995 Shining Time Station: Queen for a Day
0%
TV Film 1995 Shining Time Station: Second Chances
0%
TV Show 1999 Storytime with Thomas
0%
TV Mini-Series 1995 Streets of Laredo
0%
TV Show 1962 Talent Scouts
0%
Film 2005 Tarzan II
0%
TV Show 1966 That Girl
0%
Documentary 2005 The Aristocrats
0%
TV Show 1973 The Burns and Schreiber Comedy Hour
0%
TV Show 1999, 2004 The Daily Show
0%
TV Show 1971-1973 The Flip Wilson Show
0%
TV Show 1970 The Game Game
0%
TV Show 1975 The Gladys Knight & the Pips Show
0%
Film 1966 The Glass Bottom Boat
0%
TV Show 1966-1967 The Hollywood Palace
0%
TV Show 1969 The Jimmie Rodgers Show
0%
TV Show 1966 The Jimmy Dean Show
0%
TV Show 1966 The Kraft Summer Music Hall
0%
TV Show 1988 The Magical World of Disney
0%
TV Show 1973, 1974 The Midnight Special
0%
Film 1991 The Prince of Tides
0%
TV Special 1973 The Real George Carlin
0%
TV Show 1966 The Roger Miller Show
0%
TV Show 1968 The Smother Brothers Comedy Hour
0%
TV Show 1975 The Smother Brothers Show
0%
TV Show 1984-1995 Thomas & Friends
0%
Film 2003 Thomas & Friends: Best of Gordon
0%
Film 2012 Thomas & Friends: Engine Friends
0%
Film 2006 Thomas & Friends: Halloween Adventures
0%
Film 2009 Thomas & Friends: Holiday Express
0%
Short Film 1994 Thomas & Friends: James Goes Buzz Buzz
0%
Short Film 2008 Thomas & Friends: Mud Glorious Mud
0%
Short Film 1994 Thomas & Friends: Percy's Ghostly Trick
0%
Film 2010 Thomas & Friends: The Greatest Stories
0%
Film 2017 Thomas & Friends: Thomas' Holiday Collection
0%
Short Film 1997 Thomas and Friends: Hop on Board
0%
TV Show 1976 Tony Orlando and Dawn
0%
Short Film 2009 Unidentified Flying Mater
0%
TV Show 1978 Welcome Back, Kotter
0%
Stand-Up Special 1988 What Am I Doing in New Jersey?
0%
TV Show 1969 What's My Line?
0%
Film 1968 With Six You Get Eggroll
0%
TV Film 1990 Working Tra$h
0%
Stand-Up Special 1999 You Are All Diseased
0%
No matching quizzes found
Score Distribution
Percent of People with Each Score
Percentile by Number Answered
Your Score History
You have not taken this quiz since the last reset